Neon Trees Charting Songs (Billboard Hot Rock) - Statistics

General Stats
  • This quiz has been taken 5 times
  • The average score is 3 of 8
Answer Stats
Album Weeks On Peak Artist(s) Song % Correct
Habits 51 Weeks #2 Neon Trees Animal
100%
Picture Show 30 Weeks #11 Neon Trees Everybody Talks
100%
Pop Psychology 26 Weeks #8 Neon Trees Sleeping with a Friend
67%
I Can Feel You Forgetting Me 20 Weeks #17 Neon Trees Used to Like
67%
Habits 16 Weeks #28 Neon Trees 1983
0%
Picture Show 9 Weeks #26 Neon Trees ft. Kaskade Lessons in Love (All Day, All Night)
0%
Non-Album Single 1 Week #48 Neon Trees Songs I Can't Listen To
0%
Habits 1 Week #50 Neon Trees Your Surrender
0%
No matching quizzes found
Score Distribution
Percent of People with Each Score
Percentile by Number Answered
Your Score History
You have not taken this quiz